| 000 | 00321nam a22001217a 4500 | ||
|---|---|---|---|
| 020 | _a0-13-004367-2 | ||
| 082 | _a629.836 SAS'A | ||
| 100 |
_aSASTRY, S , BODSON, M _966142 |
||
| 245 | _aADAPTIVE CONTROL , STABILITY CONVERGENCE AND ROBESTNESS | ||
| 260 |
_aNEWJERSCY _bPRENTICE HALL _c1989 |
||
| 300 | _a377P | ||
| 942 | _cBK | ||
| 999 |
_c574159 _d574159 |
||